Malay Words You Probably Know Quiz Stats

 Plays Quiz Updated Feb 9, 2019

Support Sporcle.
Go Orange.
Score 0/18 Timer 05:00
4 Plays Today
% Correct
Orangutan
93.7%
Gecko
93.1%
Cockatoo
92.7%
Bamboo
92.5%
Ketchup
92.3%
Compound
90.2%
Sarong
89.6%
Paddy
88.8%
Gong
88.3%
% Correct
Amok
79.5%
Durian
77.1%
Agar
76%
Caddy
75.3%
Gingham
69.2%
Ringgit
58%
Sambal
54.1%
Kris
38.9%
Tombac
38.5%

From the Vault

Breaking Christmas Movie News!

by bhenderson79

Holiday 5m
Three decades later and the Red Ryder Carbine Action 200-shot Range Model air rifle is still making headlines.
Remove Ads.
Support Sporcle.
Get the best of Sporcle when you Go Orange. This ad-free experience offers more features, more stats, and more fun while also helping to support Sporcle. Thank you for becoming a member.

Show Comments

Extras

Top Quizzes Today


Score Distribution

Your Account Isn't Verified!

In order to create a playlist on Sporcle, you need to verify the email address you used during registration. Go to your Sporcle Settings to finish the process.

Report this User

Report this user for behavior that violates our Community Guidelines.

Details: